Mathematical preparation for general chemistry / (Record no. 72003)

MARC details
000 -LEADER
fixed length control field 01160nam a2200361 a 4500
001 - CONTROL NUMBER
control field vtls000068375
003 - CONTROL NUMBER IDENTIFIER
control field NLI
005 - DATE AND TIME OF LATEST TRANSACTION
control field 20210601192629.0
008 - FIXED-LENGTH DATA ELEMENTS--GENERAL INFORMATION
fixed length control field 101125s1970 pauad 001 0 eng
020 ## - INTERNATIONAL STANDARD BOOK NUMBER
Terms of availability USD 3.95
039 #9 - LEVEL OF BIBLIOGRAPHIC CONTROL AND CODING DETAIL [OBSOLETE]
-- 201011250707
-- VLOAD
040 ## - CATALOGING SOURCE
Original cataloging agency NLI
Language of cataloging eng
Transcribing agency VTLS
Description conventions AACR2
041 0# - LANGUAGE CODE
Language code of text/sound track or separate title eng
044 ## - COUNTRY OF PUBLISHING/PRODUCING ENTITY CODE
MARC country code pau
082 04 - DEWEY DECIMAL CLASSIFICATION NUMBER
Classification number 510.2454
100 1# - MAIN ENTRY--PERSONAL NAME
Personal name Masterton, William L.
9 (RLIN) 165259
245 10 - TITLE STATEMENT
Title Mathematical preparation for general chemistry /
Statement of responsibility, etc. William L. Masterton and Emil J. Slowinski
260 ## - PUBLICATION, DISTRIBUTION, ETC.
Place of publication, distribution, etc. Philadelphia :
Name of publisher, distributor, etc. W. B. Saunders,
Date of publication, distribution, etc. 1970
300 ## - PHYSICAL DESCRIPTION
Extent vii, 235 p. :
Other physical details ill., charts ;
Dimensions 23 cm.
440 #0 - SERIES STATEMENT/ADDED ENTRY--TITLE
Title Saunder Golden series
9 (RLIN) 165260
500 ## - GENERAL NOTE
General note Includes index
650 #0 - SUBJECT ADDED ENTRY--TOPICAL TERM
Topical term or geographic name entry element Mathematics
9 (RLIN) 1025
650 #0 - SUBJECT ADDED ENTRY--TOPICAL TERM
Topical term or geographic name entry element Chemistry
9 (RLIN) 2561
700 1# - ADDED ENTRY--PERSONAL NAME
Personal name Slowinski, Emil J.,
Relationship jt. aut
9 (RLIN) 165261
887 ## - NON-MARC INFORMATION FIELD
Content of non-MARC field sunita
901 ## - LOCAL DATA ELEMENT A, LDA (RLIN)
a 397774
b 14.08.1970
902 ## - LOCAL DATA ELEMENT B, LDB (RLIN)
a E510.2454 M394
905 ## - LOCAL DATA ELEMENT E, LDE (RLIN)
a sunita
906 ## - LOCAL DATA ELEMENT F, LDF (RLIN)
a 0005769
949 ## - LOCAL PROCESSING INFORMATION (OCLC)
-- VIRTUAITEM
-- 10000
-- 100
6 PUR000397774ENG
942 ## - ADDED ENTRY ELEMENTS (KOHA)
Source of classification or shelving scheme Dewey Decimal Classification
Koha item type Books
Holdings
Withdrawn status Lost status Damaged status Not for loan Collection code Home library Current library Shelving location Date acquired Total Checkouts Full call number Barcode Date last seen Price effective from Koha item type
        New English National Library of India National Library of India New English - Main Stack Division     E510.2454 M394 PUR000397774ENG 01/06/2021 01/06/2021 Books
                                                                           
web counter

Copyright ©2020 The National Library of India, Govt. of India ↔ Hosted by NVLI, MOC ↔ Technology and Design by National Library of India, Ministry of Culture, Govt. of India